[Event "British Chess Championships 2023: Major Open"]
[Site "The Venue, De Montfort University, 20 Western Boulevard, Leicester, LE2 7BU"]
[Date "2023.07.28"]
[Round "7"]
[Board "4"]
[White "Sugden, John N"]
[Black "Sedykh, Mikhail"]
[Result "0-1"]
[WhiteElo "1977"]
[BlackElo "2084"]
[PlyCount "0"]
[EventDate "2023.07.22"]
[EventRounds "9"]
[EventCountry "ENG"]

1. d4 {[%clk 1:30:41]} d5 {[%clk 1:30:57]} 2. c4 {[%clk 1:30:55]} e6 {[%clk
1:31:23]} 3. Nc3 {[%clk 1:30:43]} Be7 {[%clk 1:31:47]} 4. Nf3 {[%clk 1:30:42]}
Nf6 {[%clk 1:32:03]} 5. Bg5 {[%clk 1:30:41]} h6 {[%clk 1:32:25]} 6. Bh4 {[%clk
1:30:42]} O-O {[%clk 1:32:26]} 7. e3 {[%clk 1:30:45]} Nbd7 {[%clk 1:32:30]} 8.
Bd3 {[%clk 1:28:35]} dxc4 {[%clk 1:32:04]} 9. Bxc4 {[%clk 1:28:46]} c5 {[%clk
1:32:30]} 10. O-O {[%clk 1:27:39]} cxd4 {[%clk 1:28:26]} 11. exd4 {[%clk
1:26:59]} a6 {[%clk 1:25:13]} 12. a3 {[%clk 1:12:49]} b5 {[%clk 1:15:16]} 13. Ba2
{[%clk 1:12:29]} Bb7 {[%clk 1:15:28]} 14. Qe2 {[%clk 1:11:43]} Re8 {[%clk
1:10:03]} 15. Rfe1 {[%clk 0:57:09]} Nf8 {[%clk 1:01:09]} 16. Rad1 {[%clk
0:49:58]} Ng6 {[%clk 0:37:49]} 17. Bg3 {[%clk 0:49:24]} Qb6 {[%clk 0:35:27]} 18.
Bb1 {[%clk 0:40:31]} Nf8 {[%clk 0:35:43]} 19. Be5 {[%clk 0:37:06]} Red8 {[%clk
0:31:21]} 20. h3 {[%clk 0:27:41]} Rac8 {[%clk 0:30:35]} 21. Qe3 {[%clk 0:21:18]}
b4 {[%clk 0:24:27]} 22. axb4 {[%clk 0:19:23]} Qxb4 {[%clk 0:24:47]} 23. Rd2
{[%clk 0:18:05]} Nd5 {[%clk 0:22:33]} 24. Nxd5 {[%clk 0:17:18]} Bxd5 {[%clk
0:22:54]} 25. Be4 {[%clk 0:16:04]} a5 {[%clk 0:20:53]} 26. Bxd5 {[%clk 0:15:02]}
Rxd5 {[%clk 0:21:19]} 27. Ree2 {[%clk 0:11:54]} Qb7 {[%clk 0:18:00]} 28. Rc2
{[%clk 0:11:34]} Rb5 {[%clk 0:16:54]} 29. Rxc8 {[%clk 0:08:31]} Qxc8 {[%clk
0:17:22]} 30. Qd2 {[%clk 0:07:36]} Nd7 {[%clk 0:15:57]} 31. Bf4 {[%clk 0:03:29]}
Nf6 {[%clk 0:14:18]} 32. Qc2 {[%clk 0:03:23]} Qb7 {[%clk 0:13:21]} 33. Qc7 {[%clk
0:03:03]} Nd5 {[%clk 0:12:16]} 34. Qxb7 {[%clk 0:03:17]} Rxb7 {[%clk 0:12:44]}
35. Be5 {[%clk 0:03:03]} f6 {[%clk 0:07:11]} 36. Bg3 {[%clk 0:03:26]} Kf7 {[%clk
0:07:38]} 37. Kf1 {[%clk 0:02:49]} Nb6 {[%clk 0:03:23]} 38. Bf4 {[%clk 0:02:48]}
Na4 {[%clk 0:03:15]} 39. Bc1 {[%clk 0:01:40]} g5 {[%clk 0:02:19]} 40. Rc2 {[%clk
0:01:20]} Bb4 {[%clk 0:01:01]} 41. Ke2 {[%clk 0:26:09]} h5 {[%clk 0:28:53]} 42.
Kd3 {[%clk 0:21:42]} Rd7 {[%clk 0:21:10]} 43. Ke2 {[%clk 0:14:55]} g4 {[%clk
0:19:02]} 44. hxg4 {[%clk 0:14:56]} hxg4 {[%clk 0:19:31]} 45. Nh2 {[%clk
0:13:19]} Rxd4 {[%clk 0:13:26]} 46. Be3 {[%clk 0:13:06]} Re4 {[%clk 0:12:30]} 47.
Kd3 {[%clk 0:11:21]} f5 {[%clk 0:12:44]} 48. f3 {[%clk 0:10:41]} gxf3 {[%clk
0:13:09]} 49. Nxf3 {[%clk 0:10:46]} Ke7 {[%clk 0:08:01]} 50. Bd4 {[%clk 0:09:58]}
Kd6 {[%clk 0:08:08]} 51. Rc4 {[%clk 0:04:20]} Kd5 {[%clk 0:05:39]} 52. b3 {[%clk
0:02:03]} Nc5+ {[%clk 0:06:01]} 53. Bxc5 {[%clk 0:02:25]} Rxc4 {[%clk 0:04:49]}
54. bxc4+ {[%clk 0:02:49]} Kxc5 {[%clk 0:05:17]} 55. Nd4 {[%clk 0:01:17]} Kd6
{[%clk 0:05:39]} 56. Nf3 {[%clk 0:01:14]} e5 {[%clk 0:05:29]} 57. Ng1 {[%clk
0:00:51]} Kc5 {[%clk 0:04:50]} 58. Ne2 {[%clk 0:00:49]} e4+ {[%clk 0:04:48]} 59.
Kc2 {[%clk 0:01:06]} Kxc4 {[%clk 0:05:01]} 60. Ng3 {[%clk 0:01:10]} e3 {[%clk
0:05:06]} 61. Ne2 {[%clk 0:01:09]} a4 {[%clk 0:05:09]} 62. Nc1 {[%clk 0:00:41]}
a3 {[%clk 0:04:25]} 63. Kb1 {[%clk 0:00:37]} Bd2 {[%clk 0:02:43]} 64. Ne2 {[%clk
0:00:41]} Kd3 {[%clk 0:02:36]} 65. Nf4+ {[%clk 0:01:00]} Ke4 {[%clk 0:03:00]} 66.
Ne2 {[%clk 0:01:20]} f4 {[%clk 0:03:03]} 67. Ka2 {[%clk 0:01:00]} Bb4 {[%clk
0:03:24]} 68. Kb3 {[%clk 0:00:53]} Bd6 {[%clk 0:03:37]} 69. Kc3 {[%clk 0:00:50]}
f3 {[%clk 0:03:22]}  0-1

[Event "British Chess Championships 2023: Major Open"]
[Site "The Venue, De Montfort University, 20 Western Boulevard, Leicester, LE2 7BU"]
[Date "2023.07.28"]
[Round "7"]
[Board "5"]
[White "Nelson, Jonathan P"]
[Black "Dicen, Elis Denele"]
[Result "1/2-1/2"]
[WhiteElo "2175"]
[BlackElo "1925"]
[PlyCount "0"]
[EventDate "2023.07.22"]
[EventRounds "9"]
[EventCountry "ENG"]

1. d4 {[%clk 1:30:48]} d5 {[%clk 1:30:50]} 2. Nf3 {[%clk 1:30:52]} Nf6 {[%clk
1:31:05]} 3. e3 {[%clk 1:31:04]} e6 {[%clk 1:31:18]} 4. Bd3 {[%clk 1:31:23]} c5
{[%clk 1:31:24]} 5. b3 {[%clk 1:31:36]} Nc6 {[%clk 1:30:57]} 6. O-O {[%clk
1:31:41]} cxd4 {[%clk 1:30:29]} 7. exd4 {[%clk 1:32:03]} g6 {[%clk 1:30:22]} 8.
Re1 {[%clk 1:25:22]} Nb4 {[%clk 1:24:23]} 9. Bb5+ {[%clk 1:13:12]} Bd7 {[%clk
1:18:32]} 10. Bxd7+ {[%clk 0:57:10]} Qxd7 {[%clk 1:12:41]} 11. Ne5 {[%clk
0:49:39]} Qc7 {[%clk 1:06:33]} 12. c4 {[%clk 0:36:06]} Bg7 {[%clk 1:02:07]} 13.
Ba3 {[%clk 0:35:20]} Nc6 {[%clk 0:59:56]} 14. Nc3 {[%clk 0:34:38]} Nxe5 {[%clk
0:42:48]} 15. dxe5 {[%clk 0:31:16]} Ne4 {[%clk 0:41:44]} 16. Rxe4 {[%clk
0:23:54]} dxe4 {[%clk 0:40:11]} 17. Nb5 {[%clk 0:24:10]} Qxe5 {[%clk 0:28:58]}
18. Nd6+ {[%clk 0:23:50]} Kf8 {[%clk 0:26:42]} 19. Nc8+ {[%clk 0:14:04]} Ke8
{[%clk 0:26:37]} 20. Nd6+ {[%clk 0:14:13]} Kf8 {[%clk 0:26:30]} 21. Nc8+ {[%clk
0:12:43]}  1/2-1/2

[Event "British Chess Championships 2023: Major Open"]
[Site "The Venue, De Montfort University, 20 Western Boulevard, Leicester, LE2 7BU"]
[Date "2023.07.28"]
[Round "7"]
[Board "6"]
[White "Brewer, Callum D"]
[Black "Patel, Zain"]
[Result "1-0"]
[WhiteElo "2132"]
[BlackElo "1910"]
[PlyCount "0"]
[EventDate "2023.07.22"]
[EventRounds "9"]
[EventCountry "ENG"]

1. e4 {[%clk 1:30:59]} c6 {[%clk 1:27:40]} 2. d4 {[%clk 1:31:25]} d5 {[%clk
1:27:49]} 3. f3 {[%clk 1:31:43]} e6 {[%clk 1:27:35]} 4. Nc3 {[%clk 1:32:00]} Bb4
{[%clk 1:27:24]} 5. Bd2 {[%clk 1:30:39]} Bxc3 {[%clk 1:25:36]} 6. Bxc3 {[%clk
1:30:19]} dxe4 {[%clk 1:24:34]} 7. Qe2 {[%clk 1:21:18]} exf3 {[%clk 1:23:18]} 8.
Nxf3 {[%clk 1:21:13]} Nf6 {[%clk 1:21:30]} 9. O-O-O {[%clk 1:18:12]} Qd5 {[%clk
1:19:40]} 10. Kb1 {[%clk 1:18:15]} b5 {[%clk 1:07:46]} 11. g4 {[%clk 1:04:01]}
Qe4 {[%clk 1:03:47]} 12. Qf2 {[%clk 1:03:26]} Nxg4 {[%clk 1:02:02]} 13. Qg3
{[%clk 0:54:36]} Ne3 {[%clk 1:00:26]} 14. Bd3 {[%clk 0:49:21]} Qg4 {[%clk
0:52:41]} 15. Qc7 {[%clk 0:48:38]} Nd7 {[%clk 0:50:16]} 16. Qxc6 {[%clk 0:26:15]}
Nxd1 {[%clk 0:48:33]} 17. Bb4 {[%clk 0:19:19]} Bb7 {[%clk 0:37:01]} 18. Qxb7
{[%clk 0:16:45]} Rb8 {[%clk 0:36:48]} 19. Qc6 {[%clk 0:14:55]} Ne3 {[%clk
0:36:27]} 20. Rg1 {[%clk 0:06:48]} Qf4 {[%clk 0:35:03]} 21. Bd6 {[%clk 0:06:58]}
 1-0

[Event "British Chess Championships 2023: Major Open"]
[Site "The Venue, De Montfort University, 20 Western Boulevard, Leicester, LE2 7BU"]
[Date "2023.07.28"]
[Round "7"]
[Board "7"]
[White "Mikalajunas, Kajus"]
[Black "Atako, Chino C"]
[Result "0-1"]
[WhiteElo "1881"]
[BlackElo "2009"]
[PlyCount "104"]
[EventDate "2023.07.22"]
[EventRounds "9"]
[EventCountry "ENG"]

1. e4 d6 2. d4 Nf6 3. f3 Nbd7 4. Be3 e5 5. c4 c6 6. d5 Be7 7. Nc3 O-O 8. Bd3
Nc5 9. Bc2 a5 10. Nge2 cxd5 11. cxd5 Ne8 12. O-O b6 13. a3 Bg5 14. Bf2 Ba6 15.
b4 Nd7 16. Ba4 Rb8 17. Bc6 Nc7 18. b5 Bc8 19. a4 Nc5 20. Nb1 f5 21. Qc2 fxe4
22. fxe4 Ne8 23. Na3 Rxf2 24. Rxf2 Be3 25. Nc4 Bxf2+ 26. Kxf2 Qh4+ 27. Kg1 Nf6
28. Ng3 Nfxe4 29. Nxe4 Nxe4 30. g3 Qg4 31. Rf1 Qg6 32. Qd3 Bh3 33. Re1 Bf5 34.
Rf1 Rf8 35. Qe3 Ng5 36. h4 Ne4 37. Rf3 Qg4 38. Nxb6 g5 39. Bd7 gxh4 40. Bxf5
Rxf5 41. Rxf5 Qxf5 42. gxh4 Qg4+ 43. Kf1 Qxh4 44. Ke2 Qh2+ 45. Kd1 Qh1+ 46. Kc2
Qg2+ 47. Kb3 Nc5+ 48. Ka3 Qg4 49. Qc3 h5 50. Nc4 h4 51. Nxd6 Qg3 52. Ne4 Nxe4
 0-1

[Event "British Chess Championships 2023: Major Open"]
[Site "The Venue, De Montfort University, 20 Western Boulevard, Leicester, LE2 7BU"]
[Date "2023.07.28"]
[Round "7"]
[Board "8"]
[White "Arora, Tashika"]
[Black "Badacsonyi, Stanley"]
[Result "0-1"]
[WhiteElo "1836"]
[BlackElo "1976"]
[PlyCount "138"]
[EventDate "2023.07.22"]
[EventRounds "9"]
[EventCountry "ENG"]

1. d4 Nf6 2. c4 g6 3. g3 Bg7 4. Bg2 d6 5. Nc3 O-O 6. Nf3 c5 7. d5 a6 8. a4 e6
9. O-O exd5 10. cxd5 Re8 11. Nd2 Nbd7 12. Nc4 Ne5 13. Nxe5 Rxe5 14. Bf4 Re8 15.
e4 h6 16. f3 Nh5 17. Bd2 Bd7 18. Qc1 Kh7 19. g4 Nf6 20. Bf4 Qc7 21. Qd2 b5 22.
Rfc1 b4 23. Nd1 Reb8 24. Ne3 Ne8 25. Nc4 a5 26. Bf1 Bc8 27. Kh1 Ba6 28. Ne3
Bxf1 29. Rxf1 c4 30. Qc2 c3 31. b3 Qe7 32. Nc4 Ra6 33. Qf2 Rc8 34. Qe2 Nf6 35.
Ne5 Rca8 36. Nc6 Qe8 37. Qb5 Nxg4 38. Bxd6 Be5 39. fxg4 Bxd6 40. Rae1 Be7 41.
Qb7 Rxc6 42. dxc6 Rc8 43. c7 Bg5 44. Kg2 Kg7 45. Qd5 Rxc7 46. Qxa5 Qd7 47. Qd5
Qxg4+ 48. Kh1 Rd7 49. Qc4 Rb7 50. Qd5 Rd7 51. Qc4 Rb7 52. a5 Qe6 53. Qd4+ Kg8
54. a6 Rd7 55. Qxb4 Qxa6 56. Ra1 Qc6 57. Ra5 Rc7 58. Raa1 c2 59. Rac1 Bxc1 60.
Rxc1 Rd7 61. Kg2 Rd1 62. Qb8+ Kh7 63. Qf4 f5 64. b4 Rxc1 65. Qxc1 Qxe4+ 66. Kf2
g5 67. Qa1 Qf4+ 68. Ke2 c1=Q 69. Qa7+ Qcc7  0-1

[Event "British Chess Championships 2023: Major Open"]
[Site "The Venue, De Montfort University, 20 Western Boulevard, Leicester, LE2 7BU"]
[Date "2023.07.28"]
[Round "7"]
[Board "9"]
[White "Farrand, Tom"]
[Black "Salmons, Calum"]
[Result "0-1"]
[WhiteElo "2110"]
[BlackElo "1977"]
[PlyCount "74"]
[EventDate "2023.07.22"]
[EventRounds "9"]
[EventCountry "ENG"]

1. c4 e5 2. g3 Nc6 3. Bg2 d6 4. Nc3 g6 5. d3 Bg7 6. e3 f5 7. Nge2 Nf6 8. O-O
O-O 9. Rb1 Ne7 10. f4 c6 11. Bd2 Be6 12. b3 Bf7 13. Qc2 Qc7 14. Kh1 Rad8 15.
Rbe1 b5 16. Rc1 b4 17. Nb1 a5 18. Rce1 d5 19. Bc1 e4 20. d4 dxc4 21. bxc4 Ra8
22. Bb2 a4 23. Nd2 Ng4 24. Nc1 a3 25. Ba1 c5 26. Ncb3 cxd4 27. Nxd4 Nc6 28.
Nxc6 Qxc6 29. h3 Bxa1 30. hxg4 Bc3 31. gxf5 gxf5 32. Rd1 Qh6+ 33. Kg1 Qb6 34.
Kf2 Bh5 35. Rc1 Rad8 36. Nb3 Rd3 37. c5 Qg6  0-1

[Event "British Chess Championships 2023: Major Open"]
[Site "The Venue, De Montfort University, 20 Western Boulevard, Leicester, LE2 7BU"]
[Date "2023.07.28"]
[Round "7"]
[Board "10"]
[White "Babu, Rahul"]
[Black "Dougherty, Michael"]
[Result "1-0"]
[WhiteElo "1846"]
[BlackElo "2110"]
[PlyCount "63"]
[EventDate "2023.07.22"]
[EventRounds "9"]
[EventCountry "ENG"]

1. e4 e5 2. Nf3 Nc6 3. d4 exd4 4. Nxd4 Bc5 5. Nb3 Bb6 6. Nc3 Nf6 7. Qe2 d6 8.
Be3 Be6 9. O-O-O Qe7 10. h3 h6 11. g4 g5 12. f4 Bxe3+ 13. Qxe3 gxf4 14. Qxf4
Bxb3 15. axb3 Qe5 16. Qf2 Ke7 17. Bc4 Qg5+ 18. Kb1 Ne5 19. Rhf1 c6 20. Qd4 Rhd8
21. Rf5 Qh4 22. Rdf1 c5 23. Rxe5+ Kf8 24. Rxc5 dxc5 25. Qxf6 Qxf6 26. Rxf6 Rd7
27. Rxh6 Kg7 28. g5 Rf8 29. Nd5 f5 30. Nf4 Re8 31. Ne6+ Rxe6 32. Rxe6  1-0

[Event "British Chess Championships 2023: Major Open"]
[Site "The Venue, De Montfort University, 20 Western Boulevard, Leicester, LE2 7BU"]
[Date "2023.07.28"]
[Round "7"]
[Board "11"]
[White "Subramanian, Anusha"]
[Black "Dilley, Jason M"]
[Result "0-1"]
[WhiteElo "1818"]
[BlackElo "2034"]
[PlyCount "62"]
[EventDate "2023.07.22"]
[EventRounds "9"]
[EventCountry "ENG"]

1. b3 e5 2. Bb2 Nc6 3. e3 d6 4. c4 g6 5. d4 exd4 6. exd4 Bg7 7. Nf3 Nh6 8. Nc3
O-O 9. Be2 Bg4 10. d5 Bxf3 11. Bxf3 Re8+ 12. Kf1 Ne5 13. g3 f5 14. Kg2 Rf8 15.
h3 Nxf3 16. Qxf3 f4 17. g4 Nf7 18. Na4 Bxb2 19. Nxb2 Ne5 20. Qe4 f3+ 21. Kh2
Qh4 22. Kg1 Rae8 23. Nd3 Nxd3 24. Qxd3 Re2 25. Rh2 Qf6 26. Rf1 Rfe8 27. h4 Re1
28. h5 Qa1 29. hxg6 Rxf1+ 30. Qxf1 Re1 31. gxh7+ Kh8  0-1

[Event "British Chess Championships 2023: Major Open"]
[Site "The Venue, De Montfort University, 20 Western Boulevard, Leicester, LE2 7BU"]
[Date "2023.07.28"]
[Round "7"]
[Board "13"]
[White "Turner, Lewis A"]
[Black "Banerjee, Supratit"]
[Result "1-0"]
[WhiteElo "1803"]
[BlackElo "1895"]
[PlyCount "123"]
[EventDate "2023.07.22"]
[EventRounds "9"]
[EventCountry "ENG"]

1. e4 e6 2. d4 d5 3. e5 c5 4. c3 Nc6 5. Nf3 Qb6 6. Bd3 Bd7 7. dxc5 Qxc5 8. Be3
Qa5 9. O-O Qc7 10. Bf4 Nge7 11. Re1 Rc8 12. Nbd2 Ng6 13. Bg3 Bc5 14. h4 Nge7
15. Nb3 Bb6 16. Rc1 h6 17. Nbd4 Nxd4 18. cxd4 Qxc1 19. Qxc1 Rxc1 20. Rxc1 Nc6
21. Bf4 Nxd4 22. Nxd4 Bxd4 23. Rc7 Bb6 24. Rxb7 Kd8 25. Bd2 f6 26. Rb8+ Bc8 27.
Ba6 Kc7 28. Rxc8+ Rxc8 29. Bxc8 Kxc8 30. exf6 Bd4 31. f7 Bc5 32. Be3 Bf8 33.
Bxa7 e5 34. a3 Kb7 35. Be3 Kc6 36. Bd2 d4 37. Kf1 Kd7 38. Bb4 Bxb4 39. axb4 Ke7
40. b5 Kxf7 41. b6 Ke7 42. b7 Kd7 43. b8=Q Ke6 44. f4 exf4 45. Qxf4 Kd5 46.
Qf7+ Ke4 47. Ke2 g5 48. Qf3+ Ke5 49. Kd3 gxh4 50. Qh5+ Kf4 51. Qxh4+ Kf5 52.
Qxd4 h5 53. Qe4+ Kg5 54. b4 h4 55. b5 h3 56. gxh3 Kf6 57. b6 Kf7 58. b7 Kg7 59.
b8=Q Kf6 60. Qbf4+ Kg7 61. Qg2+ Kh7 62. Qh4#  1-0

[Event "British Chess Championships 2023: Major Open"]
[Site "The Venue, De Montfort University, 20 Western Boulevard, Leicester, LE2 7BU"]
[Date "2023.07.28"]
[Round "7"]
[Board "14"]
[White "Pink, Joshua"]
[Black "Honey, Luke"]
[Result "1-0"]
[WhiteElo "1890"]
[BlackElo "1730"]
[PlyCount "77"]
[EventDate "2023.07.22"]
[EventRounds "9"]
[EventCountry "ENG"]

1. d4 d5 2. c4 c6 3. Nf3 Nf6 4. Nc3 dxc4 5. e3 b5 6. a4 b4 7. Nb1 Ba6 8. Qc2 e6
9. Bxc4 Bxc4 10. Qxc4 a5 11. O-O Bd6 12. Nbd2 O-O 13. e4 Bc7 14. e5 Nd5 15. Ne4
h6 16. h3 Qc8 17. Nh2 f5 18. exf6 Nxf6 19. Nxf6+ Rxf6 20. Ng4 Rg6 21. f4 Kh8
22. Ne5 Bxe5 23. fxe5 Qe8 24. Be3 Na6 25. Rac1 Nc7 26. Qxc6 Nd5 27. Qxe8+ Rxe8
28. Rf3 Rd8 29. Bf2 Nb6 30. b3 Nd5 31. Rc5 Ra8 32. Be3 Nc3 33. Kh2 Kh7 34. g4
Nd5 35. Kg3 Rd8 36. Bf2 Nc3 37. Rcxc3 bxc3 38. Rxc3 Rb8 39. h4  1-0

[Event "British Chess Championships 2023: Major Open"]
[Site "The Venue, De Montfort University, 20 Western Boulevard, Leicester, LE2 7BU"]
[Date "2023.07.28"]
[Round "7"]
[Board "15"]
[White "Wilkinson, Daniel"]
[Black "Gopakumar, Siddharth"]
[Result "0-1"]
[WhiteElo "1712"]
[BlackElo "1888"]
[PlyCount "64"]
[EventDate "2023.07.22"]
[EventRounds "9"]
[EventCountry "ENG"]

1. d4 d5 2. c4 c6 3. Nf3 Nf6 4. Nc3 dxc4 5. a4 Bf5 6. Ne5 Nbd7 7. Nxc4 Qc7 8.
g3 e5 9. dxe5 Nxe5 10. Bf4 Nfd7 11. Bg2 g5 12. Ne3 gxf4 13. Nxf5 Ng6 14. O-O
Qe5 15. Qc2 Ne7 16. Bh3 Nxf5 17. Bxf5 Bc5 18. Bxd7+ Kxd7 19. Qb3 Kc8 20. Qxf7
fxg3 21. Rad1 gxf2+ 22. Kh1 Rf8 23. Qd7+ Kb8 24. a5 a6 25. b4 Be3 26. Qd3 Rg8
27. Na4 Rg1+ 28. Rxg1 fxg1=Q+ 29. Rxg1 Bxg1 30. Kxg1 Ka7 31. Nc3 Rg8+ 32. Kh1
Qf4  0-1

[Event "British Chess Championships 2023: Major Open"]
[Site "The Venue, De Montfort University, 20 Western Boulevard, Leicester, LE2 7BU"]
[Date "2023.07.28"]
[Round "7"]
[Board "16"]
[White "Brown, Tom"]
[Black "Santhosh, Abhyuday"]
[Result "1-0"]
[WhiteElo "1959"]
[BlackElo "1797"]
[PlyCount "129"]
[EventDate "2023.07.22"]
[EventRounds "9"]
[EventCountry "ENG"]

1. d4 Nf6 2. Nf3 g6 3. Nbd2 Bg7 4. e4 O-O 5. Bd3 d6 6. O-O Nc6 7. c3 e5 8. dxe5
Nxe5 9. Nxe5 dxe5 10. Nc4 Qe7 11. Qe2 Nd7 12. Rd1 Nc5 13. Bc2 a5 14. a4 Be6 15.
Be3 b6 16. Rd2 Rfd8 17. Rad1 Nb7 18. f3 f6 19. Bf2 Bh6 20. Rxd8+ Rxd8 21. Ne3
Bxe3 22. Bxe3 Rxd1+ 23. Qxd1 Qd6 24. Qxd6 Nxd6 25. Kf2 Kf7 26. g3 Nc4 27. Bc1
Nd6 28. Be3 Ke7 29. Bc1 Kd7 30. Ke3 Nb7 31. Ke2 Nc5 32. Be3 Bb3 33. Bxb3 Nxb3
34. Kd3 Kc6 35. Kc4 Na1 36. Bh6 Nc2 37. Kd3 Na1 38. Kc4 Nc2 39. Kd3 Na1 40. Be3
Nb3 41. Kc4 Na1 42. Bd2 Kd6 43. b4 axb4 44. Kxb4 c5+ 45. Ka3 c4 46. Kb4 Nb3 47.
Be3 Kc6 48. Kxc4 Na5+ 49. Kb4 Nb7 50. c4 f5 51. exf5 gxf5 52. g4 fxg4 53. fxg4
Nd8 54. c5 bxc5+ 55. Bxc5 Ne6 56. Be3 Nc7 57. Kc4 Nd5 58. Bf2 Nf6 59. h3 Ne4
60. Be3 Nd6+ 61. Kb4 Ne8 62. a5 Nc7 63. Kc4 Nb5 64. a6 Nd6+ 65. Kd3  1-0

[Event "British Chess Championships 2023: Major Open"]
[Site "The Venue, De Montfort University, 20 Western Boulevard, Leicester, LE2 7BU"]
[Date "2023.07.28"]
[Round "7"]
[Board "17"]
[White "Verbytski, Oleg"]
[Black "Green, Michael"]
[Result "1/2-1/2"]
[WhiteElo "1795"]
[BlackElo "1923"]
[PlyCount "87"]
[EventDate "2023.07.22"]
[EventRounds "9"]
[EventCountry "ENG"]

1. e4 c5 2. Nf3 Nc6 3. d4 cxd4 4. Nxd4 Nf6 5. Nc3 e5 6. Ndb5 d6 7. Bg5 a6 8.
Na3 b5 9. Nd5 Be7 10. Bxf6 Bxf6 11. c3 O-O 12. Nc2 Rb8 13. g3 Bg5 14. h4 Bh6
15. Bg2 Ne7 16. Ncb4 Bb7 17. O-O Nc8 18. Qe2 a5 19. Nc2 Bxd5 20. exd5 Nb6 21.
Ne3 Bxe3 22. fxe3 f5 23. e4 f4 24. gxf4 exf4 25. Qg4 Qf6 26. b3 Rbe8 27. Rac1
Re7 28. Rf2 Nd7 29. Rcf1 Qxc3 30. Rxf4 Rxf4 31. Qxf4 Qe5 32. Bh3 Qxf4 33. Rxf4
Nc5 34. Kg2 g6 35. Kf3 Kg7 36. Ke3 a4 37. b4 Na6 38. a3 Rc7 39. Kd2 Nxb4 40.
axb4 Rc4 41. Bd7 Rxb4 42. Kc3 Rb3+ 43. Kc2 Rb4 44. Kc3  1/2-1/2

[Event "British Chess Championships 2023: Major Open"]
[Site "The Venue, De Montfort University, 20 Western Boulevard, Leicester, LE2 7BU"]
[Date "2023.07.28"]
[Round "7"]
[Board "18"]
[White "Young, Daniel J"]
[Black "Rida, Ruqayyah"]
[Result "1-0"]
[WhiteElo "1913"]
[BlackElo "1828"]
[PlyCount "113"]
[EventDate "2023.07.22"]
[EventRounds "9"]
[EventCountry "ENG"]

1. e4 e5 2. Nf3 Nc6 3. Bb5 a6 4. Ba4 Nf6 5. O-O b5 6. Bb3 Bc5 7. a4 Rb8 8. Nxe5
Nxe5 9. d4 Bxd4 10. Qxd4 d6 11. f4 c5 12. Qc3 Neg4 13. h3 c4 14. hxg4 cxb3 15.
g5 Qb6+ 16. Be3 Nxe4 17. Qxc8+ Rxc8 18. Bxb6 bxc2 19. Nc3 Nxc3 20. bxc3 Rxc3
21. axb5 axb5 22. Ra8+ Kd7 23. Rxh8 c1=Q 24. Rxc1 Rxc1+ 25. Kf2 b4 26. Bd4 Rc2+
27. Kf3 Ke6 28. Bxg7 Kd5 29. Rxh7 b3 30. Rh8 Rc6 31. Rb8 Kc4 32. f5 d5 33. Ke3
Rc7 34. Bf6 d4+ 35. Bxd4 Re7+ 36. Kf4 Kxd4 37. Rxb3 Re4+ 38. Kf3 Re7 39. Rb4+
Kd5 40. Kf4 Rc7 41. Re4 Kd6 42. g6 fxg6 43. Re6+ Kd7 44. Rxg6 Ke8 45. g4 Kf7
46. Kg5 Rc2 47. Ra6 Rc7 48. Rh6 Rc4 49. Rh7+ Kg8 50. Ra7 Rc6 51. f6 Rc4 52. Kf5
Rd4 53. g5 Rd8 54. Kg6 Rb8 55. Rg7+ Kh8 56. Rh7+ Kg8 57. f7+  1-0

[Event "British Chess Championships 2023: Major Open"]
[Site "The Venue, De Montfort University, 20 Western Boulevard, Leicester, LE2 7BU"]
[Date "2023.07.28"]
[Round "7"]
[Board "19"]
[White "Bedi, Adam"]
[Black "Bansal, Saahil"]
[Result "1/2-1/2"]
[WhiteElo "1791"]
[BlackElo "1846"]
[PlyCount "90"]
[EventDate "2023.07.22"]
[EventRounds "9"]
[EventCountry "ENG"]

1. d4 d5 2. c4 e6 3. Nc3 Nf6 4. cxd5 exd5 5. Bg5 c6 6. Qc2 Be7 7. e3 O-O 8. Bd3
h6 9. Bh4 Nbd7 10. Nf3 Re8 11. O-O Nf8 12. h3 Ne4 13. Bxe7 Qxe7 14. Ne5 f6 15.
Nf3 f5 16. Ne5 Nd7 17. f4 Nxe5 18. fxe5 Qg5 19. Rf4 Be6 20. Bxe4 fxe4 21. Kh2
c5 22. Raf1 Rac8 23. Qf2 a6 24. Na4 c4 25. Nc5 b6 26. Nxa6 Qe7 27. a3 c3 28.
Nb4 cxb2 29. Qxb2 Qc7 30. Na2 Qc2 31. R4f2 Qd3 32. Re1 Ra8 33. Qxb6 Qxa3 34.
Qb4 Reb8 35. Qc3 Rb3 36. Qc6 Qa6 37. Qc7 Qa5 38. Qxa5 Rxa5 39. Nc1 Rc3 40. Na2
Rb3 41. Kg3 Raa3 42. Rfe2 Bd7 43. Kf2 Bb5 44. Rd2 Bc4 45. Rc2 Kh7  1/2-1/2

[Event "British Chess Championships 2023: Major Open"]
[Site "The Venue, De Montfort University, 20 Western Boulevard, Leicester, LE2 7BU"]
[Date "2023.07.28"]
[Round "7"]
[Board "20"]
[White "Rubeck, Jonathan"]
[Black "Mccarthy, Damian M"]
[Result "0-1"]
[WhiteElo "1760"]
[BlackElo "1838"]
[PlyCount "118"]
[EventDate "2023.07.22"]
[EventRounds "9"]
[EventCountry "ENG"]

1. e4 c5 2. Nc3 g6 3. f4 Bg7 4. Nf3 Nc6 5. Bc4 e6 6. O-O Nge7 7. d3 O-O 8. Qe1
d5 9. Bb3 Nd4 10. f5 c4 11. Qh4 Nxf3+ 12. Rxf3 Nxf5 13. Qxd8 Rxd8 14. exf5 cxb3
15. f6 Bf8 16. axb3 e5 17. h3 Be6 18. g4 h6 19. Nb5 Rac8 20. c3 a6 21. Na3 Kh7
22. Nc2 Rc6 23. Bd2 b5 24. Be1 e4 25. dxe4 dxe4 26. Rf4 Bxb3 27. Nd4 Bc5 28.
Bf2 Bxd4 29. Bxd4 Bc2 30. Kf2 g5 31. Rf5 e3+ 32. Kxe3 Bxf5 33. gxf5 Re8+ 34.
Kf3 Rd6 35. b4 Rd5 36. Rxa6 Rxf5+ 37. Kg3 Kg6 38. Rb6 Re2 39. Rb8 Rd5 40. Rg8+
Kf5 41. Rb8 h5 42. Rb7 Kg6 43. Kf3 Rh2 44. Kg3 Rd2 45. Kf3 h4 46. Ke4 Rf5 47.
Rb8 Re2+ 48. Kd3 Rh2 49. Rg8+ Kh7 50. Rg7+ Kh6 51. Rxf7 Rxh3+ 52. Ke4 Rhf3 53.
Rf8 Kh5 54. Rb8 h3 55. Be5 Kg4 56. Rh8 Rxf6 57. Kd4 R6f4+ 58. Kc5 Rf5 59. Kd4
Rxe5  0-1